Text book of pathphysiology II (Record no. 6251)

MARC details
000 -LEADER
fixed length control field 00458nam a22001817a 4500
005 - DATE AND TIME OF LATEST TRANSACTION
control field 20230118115525.0
008 - FIXED-LENGTH DATA ELEMENTS--GENERAL INFORMATION
fixed length control field 200518b xxu||||| |||| 00| 0 eng d
020 ## - INTERNATIONAL STANDARD BOOK NUMBER
ISBN 97893842666097
041 ## - LANGUAGE CODE
Language code of text/sound track or separate title eng
082 ## - DEWEY DECIMAL CLASSIFICATION NUMBER
Classification number 615.85 BAN
100 ## - MAIN ENTRY--AUTHOR NAME
Personal name Bansal Dr. Rajpal
245 ## - TITLE STATEMENT
Title Text book of pathphysiology II
250 ## - EDITION STATEMENT
Edition statement 2'nd
260 ## - PUBLICATION, DISTRIBUTION, ETC. (IMPRINT)
Place of publication Delhi
Name of publisher Text book of Pathophysiology
Year of publication 2019
300 ## - PHYSICAL DESCRIPTION
Number of Pages 924
650 ## - SUBJECT ADDED ENTRY--TOPICAL TERM
Topical Term Phamacy
General subdivision D.PHARMA
942 ## - ADDED ENTRY ELEMENTS (KOHA)
Koha item type Books
Holdings
Lost status Damaged status Collection code Home library Current library Shelving location Date acquired Source of acquisition Cost, normal purchase price Full call number Accession Number Koha item type
    PHARMACY JRU Library JRU Library Shelf - 22- E 18/05/2020 PURCHASE 590.00 615.85 BAN 23958 Books